| 000 | 00603nam a2200229Ia 4500 | ||
|---|---|---|---|
| 003 | OSt | ||
| 005 | 20220928120909.0 | ||
| 006 | a|||||r|||| 00| 0 | ||
| 007 | ta | ||
| 008 | 220927b |||||||| |||| 00| 0 eng d | ||
| 024 | _a90821 | ||
| 037 | _cTextual | ||
| 040 |
_aSDCL _cSDCL _beng |
||
| 041 |
_2eng _aeng |
||
| 082 | _aV2:28,d, L2;1 | ||
| 100 | _aMaheshwari Ram | ||
| 245 | 0 | _aAdministrative reforms commission | |
| 260 |
_aAgra _bLakshmi narain Agarwal _c1972 |
||
| 300 |
_axii,570p _ccm. |
||
| 942 |
_hV2:28,d, L2;1 _cTEXL _2CC |
||
| 999 |
_c765416 _d765416 |
||